| 000 | 00575nam a2200193Ia 4500 | ||
|---|---|---|---|
| 005 | 20230228113241.0 | ||
| 008 | 131103s9999 xx 000 0 und d | ||
| 040 | _aLoreto College | ||
| 041 | _aEnglish | ||
| 082 |
_a821.08 _bSMI |
||
| 245 | 4 |
_aThe Faber book of childern's verse _ccompiled by Janet Adam Smith |
|
| 260 |
_aLondon _bFaber _c1973 |
||
| 300 | _a412p. | ||
| 504 | _aIncludes further reading list and index of first lines, titles, authors | ||
| 650 | _aEnglish Poetry - Collections | ||
| 700 | _aSmith, Janet Adam, comp. | ||
| 850 | _aLCLIB | ||
| 942 | _cBK | ||
| 999 |
_c13041 _d63520 |
||